| 000 | 00869nmm a2200289 a 4500 | ||
|---|---|---|---|
| 001 | 0000021809 | ||
| 003 | CO-CtgCURN | ||
| 005 | 20250331184452.0 | ||
| 007 | co cga---uuuuu | ||
| 007 | ta | ||
| 008 | 160627s2012 i eng d | ||
| 020 | _a9789587118384 | ||
| 040 |
_aCO-CtgCURN _bspa _ccoctgcurn |
||
| 082 | 0 |
_a347.7 _bL473 |
|
| 100 | 1 | _aLeal Pérez, Hildebrando. | |
| 245 | 1 | 0 |
_aCódigo de Comercio _h[electronic resource] / _cHildebrando Leal Pérez. |
| 250 | _a19a ed. | ||
| 260 |
_aBogotá : _bLeyer, _c2012. |
||
| 300 | _a1598 p. + 1 Cd - Rom. | ||
| 336 | _2rdacontent | ||
| 337 |
_2rdamedia _asin mediacion _bn |
||
| 338 |
_2rdacarrier _avolumen _bnc |
||
| 650 | 1 | 4 |
_aDerecho comercial _vlegislacion _zColombia. |
| 908 | _a160627 | ||
| 942 |
_cBK _h347.7 _iL473 _2ddc |
||
| 999 |
_c20524 _d20524 |
||